Základní MARC

Záznam Corporate Name

Počet záznamů používajících tuto autoritu: 1

001 - CONTROL NUMBER

  • control field: 20647

003 - CONTROL NUMBER IDENTIFIER

  • control field: ABG508

005 - DATE AND TIME OF LATEST TRANSACTION

  • control field: 20260415092056.0

008 - FIXED-LENGTH DATA ELEMENTS

  • fixed length control field: 260415|| aca||aabn | a|a d

040 ## - CATALOGING SOURCE

  • Original cataloging agency: ABG508
  • Transcribing agency: ABG508

110 ## - HEADING--CORPORATE NAME

  • Corporate name or jurisdiction name as entry element: Laser (nakladatelství)

670 ## - SOURCE DATA FOUND

  • Source citation: Work cat.: (ABG508)34167: Durst, Sarah Beth aut 14049, Začarovaný skleník /

Používáme knihovní systém Koha